Statistics for 2020 Formula One Races (Pre-COVID-19)

Click here to take the quiz!

General Stats

  • This quiz has been taken 686 times
  • The average score is 20 of 22

Answer Stats

DateCircuit% Correct
August 30Circuit de Spa-Francorchamps
97%
March 22Bahrain International Circuit
96%
March 15Melbourne Grand Prix Circuit
96%
November 29Yas Marina Circuit
96%
September 6Autodromo Nazionale Monza
95%
November 15Autodromo Jose Carlos Pace
93%
October 25Circuit of the Americas
93%
July 19Silverstone Circuit
93%
May 10Circuit de Barcelona-Catalunya
91%
June 28Circuit Paul Ricard
90%
July 5Red Bull Ring
90%
April 19Shanghai International Circuit
90%
November 1Autodromo Hermanos Rodriguez
89%
May 24Circuit de Monaco
89%
October 11Suzuka International Racing Course
89%
June 14Circuit Gilles Villeneuve
87%
August 2Hungaroring
87%
September 27Sochi Autodrom
85%
September 20Marina Bay Circuit
84%
June 7Baku City Circuit
81%
May 3Circuit Zandvoort
78%
April 5Hanoi Street Circuit
68%

Score Distribution

Percentile by Number Answered

Percent of People with Each Score

Your Score History

You have not taken this quiz